Statystyki dla Piłka nożna quiz #31 - Reprezentacje na Mistrzostwach Świata 2022

Kliknij tutaj aby rozwiązać quiz!

Ogólne statystyki

  • Ten quiz został rozwiązany 137 razy
  • Średni wynik to 25 z 32

Statystyki odpowiedzi

Grupa A% Poprawnych
Polska
99%
Argentyna
98%
Francja
96%
Meksyk
96%
Arabia Saudyjska
94%
Portugalia
94%
Hiszpania
92%
Holandia
92%
Niemcy
91%
Anglia
90%
Brazylia
90%
Katar
87%
Chorwacja
85%
Belgia
83%
Maroko
83%
USA
82%
Japonia
79%
Senegal
78%
Australia
73%
Ekwador
73%
Szwajcaria
73%
Korea Południowa
71%
Urugwaj
71%
Dania
70%
Kanada
70%
Walia
68%
Iran
62%
Serbia
62%
Ghana
61%
Kostaryka
61%
Kamerun
59%
Tunezja
50%

Rozkład punktacji

Percentyl według liczby udzielonych odpowiedzi

Procent ludzi z każdym wynikiem

Twoja historia wyników

Nie rozwiązałeś tego quizu